TEXT BOOK OF MEDICINAL CHEMISTRY (Record no. 26431)

MARC details
000 -LEADER
fixed length control field 00403nam a22001697a 4500
003 - CONTROL NUMBER IDENTIFIER
control field SGT
020 ## - INTERNATIONAL STANDARD BOOK NUMBER
International Standard Book Number 9789390709687
082 ## - DEWEY DECIMAL CLASSIFICATION NUMBER
Classification number 615.19
Item number M22A
100 ## - MAIN ENTRY--PERSONAL NAME
Personal name ALAGARSAMY,V
245 ## - TITLE STATEMENT
Title TEXT BOOK OF MEDICINAL CHEMISTRY
250 ## - EDITION STATEMENT
Edition statement 4TH
260 ## - PUBLICATION, DISTRIBUTION, ETC. (IMPRINT)
Place of publication, distribution, etc NEW DELHI
Name of publisher, distributor, etc CBS PUBLISHER
Year of Publication 2022-24
300 ## - PAGE DESCRIPTION
No. of Pages 719, 628
650 ## - SUBJECT ADDED ENTRY--TOPICAL TERM
Topical term or geographic name as entry element MEDICINAL CHEMISTRY
653 ## - KEYWORDS--INDEX TERM
Keyword term MEDICINAL, CHEMISTRY
942 ## - ADDED ENTRY ELEMENTS (KOHA)
Source of classification or shelving scheme Dewey Decimal Classification
Koha item type Books
942 ## - ADDED ENTRY ELEMENTS (KOHA)
-- 2
Holdings
Withdrawn status Lost status Source of classification or shelving scheme Damaged status Not for loan Collection code Home library Current library Shelving location Date acquired Vendor Name Cost, normal purchase price Volume Information (Serial or Books or Non-Book Material) SGTU Bill Number Total Checkouts Full call number Accession No. (Barcode) Date last seen Date last borrowed Bill Date Koha item type Use restrictions
    Dewey Decimal Classification     PHARMACY SGT FA-FP Library SGT FA-FP Library Text Book 28/05/2024 AHUJA PUBLICATION 750.00 1 SGTU 18906 2 615.19 M22A FP4753 17/03/2025 05/03/2025 08/05/2024 Books  
    Dewey Decimal Classification     PHARMACY SGT FA-FP Library SGT FA-FP Library Reference Book 28/05/2024 AHUJA PUBLICATION 750.00 1 SGTU 18906   615.19 M22A FP4754 28/05/2024   08/05/2024 Books Restricted Access
    Dewey Decimal Classification     PHARMACY SGT FA-FP Library SGT FA-FP Library Reference Book 28/05/2024 AHUJA PUBLICATION 750.00 2 SGTU 18906   615.19 M22A FP4755 28/05/2024   08/05/2024 Books Restricted Access
    Dewey Decimal Classification     PHARMACY SGT FA-FP Library SGT FA-FP Library Text Book 28/05/2024 AHUJA PUBLICATION 750.00 2 SGTU 18906   615.19 M22A FP4756 28/05/2024   08/05/2024 Books